[Event "URS-ch FL54"]
[Site "Kuibyshev"]
[Date "1986.??.??"]
[Round "?"]
[White "Lerner, Konstantin Z"]
[Black "Sveshnikov, Evgeny"]
[Result "1/2-1/2"]
[WhiteElo "2550"]
[BlackElo "2535"]
[Annotator "Dolmatov,S"]
[PlyCount "72"]
[EventDate "1986.10.??"]
[EventType "tourn"]
[EventRounds "17"]
[EventCountry "URS"]
[EventCategory "9"]
[SourceTitle "MCL"]
[Source "ChessBase"]
[SourceDate "1999.07.01"]
[SourceVersion "1"]
[SourceVersionDate "1999.07.01"]
[SourceQuality "1"]

1. d4 d5 2. c4 e6 3. Nf3 Nf6 4. Nc3 c6 5. Bg5 dxc4 6. e4 b5 7. a4 $5 b4 $6 (
7... Qb6 $5 8. Bxf6 gxf6 9. Be2 a6 $13) 8. Nb1 Ba6 (8... Be7 9. e5 Nd5 10. Bxe7
Qxe7 11. Bxc4 a5 12. Nbd2 O-O 13. O-O Ba6 14. Rc1 $14 {Tukmakov,V-Pinter,J/
Szirak/1985/ Inf 40/522/}) 9. Qc1 c3 (9... Qa5 10. Bxf6 gxf6 11. Bxc4 Rg8 12.
O-O Nd7 13. Nbd2 Rc8 14. Qd1 $16) 10. bxc3 Bxf1 11. Kxf1 Nbd7 (11... h6 12.
Bxf6 Qxf6 13. Nbd2 bxc3 14. Qxc3 a5 15. Nc4 Bb4 16. Qd3 O-O 17. Rd1 Nd7 18. g3
$14 {Lerner,K-Chernin,A/USSR/1984/}) 12. Nbd2 c5 13. d5 (13. e5 $6 h6) 13...
Be7 (13... exd5 14. e5 $1 (14. exd5 $2 Be7 15. c4 O-O $15) 14... h6 15. exf6
hxg5 16. Qe1+ $18) 14. dxe6 fxe6 15. cxb4 cxb4 16. Qc6 Rc8 $6 (16... O-O $5 17.
Qxe6+ Kh8 $44 18. g3 $6 Nc5 19. Qc4 Nfxe4 $15) 17. Qxe6 Nc5 18. Qc4 Ncd7 (18...
Ncxe4 19. Qb5+ Qd7 $2 20. Qxd7+ Kxd7 21. Nxe4 Nxe4 22. Bxe7 Kxe7 23. Re1 Rc4
24. Nd2 $18) 19. Qa6 O-O 20. e5 Nd5 21. Qe6+ Kh8 22. Qxd5 (22. Bxe7 Nxe7 $44)
22... Bxg5 23. e6 Bxd2 24. exd7 (24. Qxd2 $2 Nc5 25. Qxb4 Qd3+ 26. Kg1 Nxe6 $15
) 24... Rc2 25. Qd3 (25. Nxd2 Qf6 26. f3 Qxa1+ 27. Kf2 Qf6 $19) 25... Bc3 (
25... Rb2 $2 26. Nxd2 Qf6 27. Nf3 $16) 26. Qxc2 (26. Rd1 $6 Ra2 $132 {/\ Qb6})
26... Bxa1 27. Qd3 Bf6 28. h4 Qb6 29. g3 b3 30. Kg2 b2 31. Qe4 h6 (31... Qd6 $6
32. Ng5) 32. Rd1 Rb8 33. Qe8+ Kh7 34. Qe4+ Kh8 35. Qe8+ Kh7 36. Qe4+ Kh8
1/2-1/2

[Event "Olympiad-30"]
[Site "Manila"]
[Date "1992.06.10"]
[Round "3.4"]
[White "Van Wely, Loek"]
[Black "Kramnik, Vladimir"]
[Result "0-1"]
[WhiteElo "2560"]
[BlackElo "2590"]
[Annotator "Ernst,T"]
[PlyCount "90"]
[EventDate "1992.06.08"]
[EventType "team-swiss"]
[EventRounds "14"]
[EventCountry "PHI"]
[SourceTitle "CBM 030"]
[Source "ChessBase"]
[SourceDate "1992.10.01"]
[SourceVersion "1"]
[SourceVersionDate "1992.10.01"]
[SourceQuality "1"]
[WhiteTeam "Netherlands"]
[BlackTeam "Russia"]
[WhiteTeamCountry "NED"]
[BlackTeamCountry "RUS"]

1. d4 d5 2. Nf3 c6 3. c4 Nf6 4. Nc3 e6 5. Bg5 dxc4 6. e4 b5 7. a4 $5 (7. e5 h6
8. Bh4 g5 9. Nxg5 (9. exf6 gxh4 10. Ne5 Qxf6 (10... Nd7 $2 11. Nxf7 $1 Kxf7 12.
Qh5+ Kxf6 13. Qxh4+ $18) 11. a4 $13 Bb7 (11... c5 $5) 12. Be2) 9... hxg5 10.
Bxg5 Nbd7 11. g3 $13) 7... Bb7 (7... Qb6 8. Bxf6 gxf6 9. Be2 a6 10. O-O Bb7 11.
d5 cxd5 $5 (11... Bc5 $5 12. dxe6 fxe6 13. b3 Qd8 14. Qc1 Nd7 15. axb5 cxb5 16.
bxc4 b4 17. Na4 $13 {Ragozin-Szily/Moscow-Budapest/1949/}) 12. exd5 b4 (12...
Nd7 13. axb5 axb5 14. Rxa8+ Bxa8 15. Nd4 Bc5 16. Ndxb5 $13 {Gorelov-Kishnev/
Barnaul/1984/1/2-1/2/}) 13. a5 Qc7 14. dxe6 bxc3 15. Nd4 Rg8 16. Qa4+ Kd8 17.
g3 Bd5 18. Rfd1 Kc8 {Tal,M-Keller,D/Zürich/1959/1-0/}) (7... b4 8. Nb1 Be7 9.
e5 Nd5 10. Bxe7 Qxe7 11. Bxc4 a5 12. Nbd2 O-O 13. O-O Ba6 14. Rc1 Rc8 $14 {
Tukmakov,V-Pinter,J/Szirak/1985/}) (7... Nbd7 8. axb5 cxb5 9. Nxb5 Qb6 10. Nc3
Qxb2 11. Bd2 Qb7 12. Rb1 Qc6 $44) (7... Bb4 8. e5 h6 9. exf6 (9. Bh4 g5 10.
exf6 (10. Nxg5 hxg5 11. Bxg5 Qa5 12. Bxf6 Bxc3+ 13. bxc3 Qxc3+ 14. Ke2 Rg8 15.
Rc1 Qa5 16. g3 b4 $13) 10... gxh4 11. Ne5 c5 12. Qh5 Qxf6 13. O-O-O a6 14. Be2
Nd7 15. Bf3 cxd4 16. Nxd7 Bxd7 17. Bxa8 Bxc3 18. bxc3 d3 {Ubilava,E-Shirov,A/
URS-sf Daugavpils/1989/0-1/27/}) 9... hxg5 10. fxg7 Rg8 11. h4 g4 12. Ne5 Rxg7
13. h5 f5 14. Be2 Qg5 15. axb5 cxb5 16. d5 {Lautier,J-Thorsteinsson,A/
Reykjavik op/1988/1-0/38/}) 8. e5 $5 (8. axb5 $1 cxb5 9. Nxb5 Bxe4 10. Bxc4 (
10. Bxf6 gxf6 11. Bxc4) 10... Bb4+ (10... Be7) 11. Nc3 Nbd7 (11... O-O 12. O-O
Bb7 13. Re1 Nbd7 14. Qb3 a5 15. Ne5 Nb6 16. Nxf7 $1 {Lutz,C-Polgar,Zso/
Rimavska Sobota/1991/1-0/68/}) 12. O-O Bxc3 13. bxc3 O-O 14. Bd3 $14 {Ribli,
Z-Inkiov/Dubai olm/1986/1/2-1/2/1-0/ -> Inf.42/542}) 8... h6 9. Bh4 g5 10. exf6
gxh4 11. Ne5 (11. Be2 c5 12. dxc5 Nd7 {Dokhoian,Y-Kuijf,M/Wijk-B/1989/0-1/32/})
11... Nd7 $1 {Ribli,Z} (11... Qxf6 {Führt zu 7.e5 h6 8.Bh4 g5 9.exf6 gxh4 10.
Ne5 Qxf6 (10...Nd7?? 11.Nxf7!)}) 12. Qh5 (12. Be2 Nxe5 13. dxe5 Qc7 14. Qd4 h3
15. O-O-O hxg2 16. Rhg1 bxa4 {Kohlweyer,B-Ribli,Z/Dortmund/1986/0-1/28/}) 12...
Qxf6 13. Nxd7 Kxd7 14. axb5 cxb5 15. Qxb5+ Bc6 16. Qxc4 Bd6 $15 17. Ra6 $6 (17.
Nb5 $1 Qf4 18. Nxd6 Qxd6 $15) 17... Rhc8 18. Rxc6 Rxc6 19. Qa4 Qg5 $1 20. Bb5
Qxg2 21. d5 $1 (21. Rf1 a6 22. d5 axb5 23. Qxa8 exd5 $19) 21... Qxh1+ 22. Ke2
Kd8 $1 (22... Ke7 23. Qxh4+ f6 24. Qg4 Kf8 25. Qg6 Rxc3 26. Qxf6+ $10) 23. Bxc6
Rb8 24. Nb5 exd5 $1 25. Qa5+ (25. Nxd6 Rxb2+ $19) (25. Qxa7 Qe4+ 26. Kf1 Qd3+
$1 27. Kg1 Qd1+ 28. Kg2 h3+ $1 29. Kxh3 Qf3+ 30. Kh4 Be7+ $19) 25... Ke7 26.
Qxa7+ Kf8 27. Qe3 Kg8 $1 28. h3 Bf8 $19 29. Qf4 Qe4+ 30. Qxe4 dxe4 31. Ke3 Rb6
32. Bd7 Rf6 33. b3 Bc5+ 34. Kxe4 Rxf2 35. Kd5 Bb4 36. Nd4 Kg7 37. Kc4 Rf4 38.
Kd5 Kf6 39. Bc8 Rf1 40. Bg4 Bc3 41. Nf3 Kg6 42. Nxh4+ Kg5 43. Nf3+ Kf4 44. Nh4
Rf2 45. Bc8 Kg5 0-1

[Event "British CF-72 Championship"]
[Site "Edinburgh"]
[Date "1985.07.31"]
[Round "3"]
[White "Wells, Peter K"]
[Black "Flear, Glenn C"]
[Result "1-0"]
[WhiteElo "2365"]
[BlackElo "2455"]
[Annotator "Flear,G"]
[PlyCount "77"]
[EventDate "1985.07.29"]
[EventType "swiss"]
[EventRounds "11"]
[EventCountry "SCO"]
[SourceTitle "EXT 1999"]
[Source "ChessBase"]
[SourceDate "1998.11.16"]
[SourceVersion "1"]
[SourceVersionDate "1998.11.16"]
[SourceQuality "1"]

1. d4 d5 2. Nf3 Nf6 3. c4 e6 4. Nc3 c6 5. Bg5 dxc4 6. e4 b5 7. e5 h6 8. Bh4 g5
9. Nxg5 hxg5 10. Bxg5 Be7 $5 11. exf6 Bxf6 12. Bxf6 Qxf6 13. Qd2 $5 (13. g3 Bb7
14. Bg2 Na6 $1) 13... Na6 14. a4 Rh4 15. axb5 (15. Rd1 $6 Nb4 $1) 15... Rxd4
16. Qe3 Nb4 17. Rc1 Bd7 18. Ne4 Qe5 $6 (18... Qg7 $142 19. Bxc4 cxb5 20. Be2
Bc6 $5 21. Rxc6 Nxc6 22. Bxb5 Rc8 23. O-O Qe5 $15) 19. Nd2 Qg7 $5 (19... Nd3+
20. Bxd3 Qxe3+ 21. fxe3 Rxd3 22. bxc6 Bxc6 23. Nxc4 Bxg2 24. Rg1 Bd5 $10) 20.
Nxc4 cxb5 21. Ne5 Rd5 22. f4 f6 23. Qg3 $5 Qh7 24. Nxd7 Kxd7 (24... Nc2+ 25.
Rxc2 Qxc2 26. Nxf6+ Kf7 27. Nxd5 exd5 28. Be2 Qc1+ 29. Kf2 Qxh1 30. Bh5+ $40)
25. f5 Re5+ 26. Be2 Rg8 $4 (26... Qxf5 $3 27. Qg7+ Ke8 28. Qg8+ Kd7 29. Qxa8
Rxe2+ $1 $10) 27. Qf3 Nd5 28. fxe6+ Kxe6 29. O-O Qe4 30. Bxb5 $18 Rxg2+ $4 31.
Kxg2 Ne3+ 32. Kh1 Nxf1 33. Qxe4 Rxe4 34. Bxf1 Rb4 35. b3 Ke5 36. Bc4 f5 37. Ra1
Rb7 38. Ra5+ Kf6 39. Kg2 1-0

[Event "Catalunya op-A"]
[Site "Spain"]
[Date "2000.11.26"]
[Round "9"]
[White "Ibanez Tarradellas, Eduardo"]
[Black "Fluvia Poyatos, Joan"]
[Result "0-1"]
[WhiteElo "2375"]
[BlackElo "2500"]
[Annotator "Flupo"]
[PlyCount "72"]
[EventDate "2000.??.??"]
[EventType "swiss"]
[EventRounds "9"]
[EventCountry "ESP"]
[SourceTitle "EXT 2003"]
[Source "ChessBase"]
[SourceDate "2002.11.25"]
[SourceVersion "1"]
[SourceVersionDate "2002.11.25"]
[SourceQuality "1"]

{En l'última partida estava obligat a conseguir un mínim de taules contra el
número 4 del torneig amb negres, tot i així vaig optar per fer variant no del
tot segura pero que em semblava que hi jugaria més comodament que en d'altres
varaiants més soses.} 1. d4 Nf6 2. c4 e6 3. Nc3 d5 {Provant camins nous.} 4.
Bg5 c6 5. Nf3 dxc4 6. e4 b5 7. a4 {Primera sorpresa. La memòria em fallava i
no recordava com es seguia, per tant vaig haver de començar a pensar des
d'aquest moment.} Qb6 (7... Bb4 8. e5 h6 9. exf6 hxg5 10. fxg7 Rg8 {Es teoria
però no m'acaba de convèncer} 11. h4 $1 $13) 8. Bxf6 gxf6 9. Be2 Bb7 10. O-O a5
$5 $146 (10... a6 11. b3 b4 12. a5 $44) 11. Qd2 Nd7 12. Qf4 (12. d5 $5 {
És la variant crítica} cxd5 13. exd5 b4 14. dxe6 fxe6 15. Nb5 Rg8 $15 {Em
semblava sificient però no dóna gaire bones vibracions la posició del meu rei.}
) 12... Rg8 13. Qh4 (13. Rfd1 Rg6 $15) 13... Rg6 14. axb5 cxb5 15. Qh5 b4 $1 (
15... Bb4 $5 {Era l'altre possibilitat a tenir en compte.} 16. Nxb5 Bxe4 17.
Bxc4 Rc8 18. b3 Qb7 $17) 16. Na4 Qc6 (16... Qd6 $142 {En un principi no em va
agradar i per aixó no la vaig considerar però és la millor possibilitat.} 17.
Qb5 Bxe4 18. Qxc4 Qf4 $19) 17. d5 exd5 18. Nd4 Qd6 19. Nb5 Qc6 $2 {Si no volia
taules hauria d'aver fet a la primera Qb8 però en un principi no em va semblar
tant forta.} 20. Nd4 $2 (20. Qxd5 {Aprfitant l'oportunitat.} Qxd5 21. exd5 Rc8
22. Rfd1 Rg5 23. Na7 $11) 20... Qd6 21. Nb5 Qb8 $1 $19 {Amb l'amenaça Rh6} 22.
Bg4 (22. exd5 Rg5 $19) (22. Rfd1 Rh6 $19) (22. f4 $1 Ba6 (22... dxe4 23. Bxc4
e3 24. g3 $44) 23. Nd4 dxe4 24. Qf5 Be7 $17) (22. g3 dxe4 23. Bxc4 Ne5 24. Be2
Ba6 $19) 22... Ne5 {Fins i tot millor q Rh6.} (22... Rh6 23. Bxd7+ Ke7 24. Qh3
Rxh3 25. Bxh3 $17) 23. Bh3 (23. Bf5 Rh6 24. Qe2 Nf3+ $19) 23... dxe4 24. Kh1 (
24. Nd4 Qc7 $19) 24... Ng4 $1 25. Bxg4 (25. f4 exf3 $19) (25. g3 e3+ 26. f3 (
26. Bg2 Bxg2+ 27. Kxg2 Rg5 $19) 26... Nf2+ 27. Kg2 Nxh3 28. Qxh3 Qe5 $19) 25...
Rh6 {A partir d'aquí la resta és activar les peces.} 26. Qxh6 (26. Bd7+ Kd8 27.
Qxh6 Bxh6 28. Bg4 Ke7 29. Rfd1 Bc6 30. Nd4 Bxa4 31. Rxa4 Kf8 $19) 26... Bxh6
27. Nb6 Ra6 28. Nxc4 Bd5 29. Nbd6+ (29. Be2 $1 Bxc4 30. Bxc4 Rc6 31. b3 $19)
29... Rxd6 30. Nxd6+ Qxd6 31. Rxa5 Bc6 32. h3 Bd2 33. Rd1 e3 34. Rf5 (34. fxe3
Qg3 35. Bd7+ Bxd7 36. Rd5 Bc6 37. R5xd2 Qxh3+ 38. Kg1 Qxe3+ $19) 34... Be4 35.
fxe3 Bxf5 36. Bxf5 h6 0-1

[Event "Struga zt"]
[Site "Struga"]
[Date "1995.??.??"]
[Round "?"]
[White "Azmaiparashvili, Zurab"]
[Black "Stanojoski, Zvonko"]
[Result "1-0"]
[WhiteElo "2620"]
[BlackElo "2425"]
[Annotator "Ftacnik,L"]
[PlyCount "75"]
[EventDate "1995.03.??"]
[EventType "tourn"]
[EventRounds "11"]
[EventCountry "MKD"]
[EventCategory "12"]
[SourceTitle "CBM 049 Extra"]
[Source "ChessBase"]
[SourceDate "1996.01.01"]
[SourceVersion "1"]
[SourceVersionDate "1996.01.01"]
[SourceQuality "1"]

1. d4 d5 2. c4 c6 3. Nc3 Nf6 4. Nf3 e6 5. Bg5 dxc4 6. e4 b5 7. e5 h6 8. Bh4 g5
9. Nxg5 Nd5 10. Nxf7 Qxh4 11. Nxh8 Bb4 12. Qd2 c5 13. O-O-O cxd4 (13... Nc6 14.
dxc5 (14. g3 Qd8 (14... Nxc3 15. gxh4 Nxa2+ 16. Kb1 Bxd2 17. Rxd2 $16) 15. Qxh6
$16) (14. Ng6 $5 Bxc3 15. bxc3 (15. Nxh4 Bxd2+ 16. Rxd2 cxd4 17. g3 d3 18. Bh3
{/\ Re1,f4+/-}) 15... Qg5 16. Qxg5 hxg5 17. h4 Kf7 18. h5 Nxc3 19. Rd2 Nxd4 (
19... cxd4 20. g4 Bb7 21. Bg2 d3 22. f4 Ne2+ 23. Rxe2 dxe2 24. f5 $16) 20. h6
$1 Kxg6 21. h7 Ba6 22. h8=Q Rxh8 23. Rxh8 Ne4 24. g4 $1 Nxd2 25. Kxd2 $16 {
Corfield-Stoker, corr. 1990/91}) 14... Nxe5 15. f4 (15. g3 Qf6 16. f4 Nc6 (
16... Nf3 17. Qc2 Bxc3 18. bxc3 Qxh8 19. Rxd5 (19. Bg2 $142) 19... exd5 20.
Qe2+ Kf8 21. Qxf3 Bf5 $17 {Kogan-Judovic, USSR 1946}) 17. Bg2 Bxc3 18. bxc3 Bb7
19. Bxd5 O-O-O 20. Bxe6+ Qxe6 21. Qc2 Rxh8 22. Rhe1 Qf7 23. Rd6 Qc7 24. Qf5+
Kb8 25. Rd7 Qa5 26. Qf6 Rc8 27. Qg7 Ba6 28. Re2 Qa3+ 29. Kb1 Qxc5 30. Qxh6 Qf5+
31. Kb2 {0-1/Gunnarsson,L-Penalver,O/Stockholm op/1994/}) (15. Qe1 Qg5+ 16. Kb1
Qg7 (16... Bxc3 17. bxc3 Bb7 $13) 17. f4 Bxc3 18. bxc3 Nd3 (18... Nxf4 19. Qg3
Qxg3 20. hxg3 Nd5 21. Kb2 Ng4 22. Re1 $16) 19. Bxd3 Nxc3+ 20. Kc2 Nxd1 21. Bg6+
Kf8 22. Qxd1 Qxh8 23. Qd6+ Kg8 24. Be4 {Fridstein-Hacaturov/ USSR/1939/1-0}) (
15. Be2 Bb7 16. g3 Qf6 17. f4 Qxh8 18. Bh5+ Nf7 19. Qe2 Kf8 $17 {
Fridstein-Judovic/ USSR/1946/}) 15... Qxf4 (15... Bxc3 16. bxc3 Qxf4 17. Qxf4
Nxf4 {[#]} 18. Rd4 (18. g3 Nfd3+ 19. Bxd3 Nxd3+ 20. Rxd3 cxd3 21. Re1 $14 {
Brinck Clausen-Mikhalchishin/Copenhagen/1979/}) (18. c6 $5 Nxc6 (18... Ned3+
19. Bxd3 Nxd3+ 20. Kd2 Nf2 21. Rdf1 Nxh1 22. Ng6 Kd8 23. Rf7 $18) 19. g3 $16)
18... Nd5 19. Re4 (19. Be2 $14 Kf8 $140 20. Rf1+ Kg7 21. Re4 Nc6 22. Rg4+ Kxh8
23. Rf8+ Kh7 24. Bf3 $18) 19... Nc6 20. Kb2 e5 21. Be2 Bf5 22. Rh4 b4 23. Bxc4
bxc3+ 24. Ka3 Ndb4 25. Nf7 Rb8 26. Nd6+ Kd7 {Glianietz,A-Monin,N/USSR/1979/0.5
(37)}) 16. Qxf4 Nxf4 17. g3 (17. Nxb5 Ke7 (17... Rb8) 18. c6 Nfd3+ (18... Rb8
19. c7 $1 Rxb5 20. Rd8) 19. Bxd3 cxd3 (19... Nxd3+ 20. Kc2 Nf2 (20... Rb8 $5)
21. Rhf1 Nxd1 22. Ng6+ Kd8 23. Rxd1+ $18) 20. a3 Ba6 21. Nc7 (21. axb4 Bxb5 22.
Rhe1 Kd6) 21... d2+ 22. Kb1 (22. Rxd2 Bxd2+ 23. Kxd2 Rd8+) 22... Bd3+ 23. Ka1 (
23. Ka2 Rxh8 24. axb4 Rc8 25. Rxd2 Rxc7 26. Re1 Nxc6 $13) 23... Rxh8 24. axb4
Rc8 25. Rxd2 Rxc7 26. Re1 Nxc6 27. Rxd3 Nxb4 28. Rde3 Nc2+ 29. Kb1 Nxe1 30.
Rxe1 Rc5 {Theulings,P-Van de Oudeweetering,A/NLD-sf (07)/1994/0-1 (58)}) 17...
Nfd3+ 18. Bxd3 Nxd3+ 19. Kc2 Bxc3 20. Kxc3 Bb7 21. Rhf1 b4+ 22. Kxc4 Nxb2+ 23.
Kxb4 Nxd1 24. Rxd1 Rb8 {Razuvaev,Y-Inkiov,V/Moscow/1986/0.5 (34)}) (13... Nxc3
14. bxc3 Ba3+ 15. Kb1 Bb7 16. Be2 (16. dxc5 $5) 16... Nd7 17. Ka1 cxd4 18. cxd4
O-O-O 19. Nf7 Rf8 20. Nd6+ Bxd6 $8 21. exd6 {Lilienthal,A-Ragozin,V/URS-ch15
Leningrad (04)/1947/0.5 (41)}) 14. Qxd4 Qxd4 (14... Qg5+ 15. f4 Nxf4 16. Ne4 (
16. h4 $2 Ne2+ 17. Kb1 Qf5+ $18) (16. Kb1 Bxc3 17. Qxc3 (17. bxc3 $5 Nd5 (17...
Nc6 18. Qe4 Bb7 19. Nf7 $1) 18. Be2 Nc6 19. Qc5 Bd7 (19... Nxc3+ 20. Ka1 Ne7
21. h4 Qf5 22. Rhf1 $18) 20. Rhf1 O-O-O 21. Nf7 Nxc3+ 22. Ka1 Qxg2 23. Rf2 $18
{Schoen-Ratzmer/Porz/1985/}) 17... Bb7 (17... Nc6 18. Bxc4 $1 bxc4 19. Qxc4 Bd7
20. Rhf1 Nd5 21. Nf7 $16 {Abramov-Gotthilf, USSR 1939}) 18. Ka1 Nc6 19. g3 Nd5
20. Rxd5 exd5 21. Bg2 Qg7 22. e6 Qxc3 23. bxc3 Ke7 $15 {Korelov-Sveshnikov,
USSR 1972}) 16... Ne2+ 17. Kb1 Nxd4 18. Nxg5 Nbc6 19. Nf3 (19. Ne4 Bb7 20. a3
Be7 21. Ng6 $16 {Sasin-Monin, Leningrad 1980}) 19... Nxf3 20. gxf3 Nxe5 21. Rg1
) 15. Rxd4 Nxc3 16. bxc3 Bxc3 17. Rg4 Nc6 (17... Bxe5 18. Rg8+ Kd7 19. Be2 Bb7
20. Rd1+ Kc7 21. Ng6 Bc3 22. Nf4 Nc6 23. Nxe6+ Kb6 24. Rxa8 Bxa8 25. Bf3 Bb7
26. Rd7 Ba8 27. Nc7 Bb7 28. Nxb5 Be5 29. Nxa7 {1-0/Fenoglio,V-Corte,C/ARG-ch
Buenos Aires (12)/1938/}) 18. Rg8+ Kd7 19. Rg7+ Ke8 20. f4 Kf8 21. Rg3 Be1 22.
Rg6 c3 23. Bd3 Bd2+ 24. Kb1 Rb8 25. Rf1 b4 26. Rf6+ Ke7 27. Rf7+ Kd8 (27... Ke8
28. Rc7 Bd7 29. Nf7 $16) 28. Bc2 b3 (28... Ba6 29. Rf3 Bc4 30. Rg3 Ne7 31. Rgg7
$18) 29. axb3 (29. Bxb3 Ba6 30. Rh1 Nd4 31. Rf8+ Kc7 32. Rxb8 Kxb8 33. g3 Bb7
$13) 29... a5 30. Rf3 a4 31. Rd3+ Ke8 32. Rg3 Ne7 $8 33. Rgg7 Kd8 (33... Rb7
34. Bg6 Kd8 35. Rf8+ Kc7 36. Rxe7+ $18) 34. Rxe7 Rxb3+ (34... axb3 35. Bg6 c2+
36. Bxc2 bxc2+ 37. Kxc2 Bb4 38. Ref7 $18) 35. Bxb3 axb3 36. Rc7 (36. Rg8+ Kxe7
37. Rxc8 c2+ 38. Kb2 Kd7 39. Rc4 $18) 36... Ba6 37. Rgd7+ Ke8 38. Re7+ (38.
Re7+ Kf8 39. Ng6+ Kg8 40. Rg7#) 1-0

[Event "Linares 12th"]
[Site "Linares"]
[Date "1994.??.??"]
[Round "4"]
[White "Kasparov, Garry"]
[Black "Ivanchuk, Vassily"]
[Result "1-0"]
[WhiteElo "2805"]
[BlackElo "2710"]
[Annotator "Ftacnik,L"]
[PlyCount "77"]
[EventDate "1994.02.??"]
[EventType "tourn"]
[EventRounds "13"]
[EventCountry "ESP"]
[EventCategory "18"]
[SourceTitle "CBM 040"]
[Source "ChessBase"]
[SourceDate "1994.06.01"]
[SourceVersion "1"]
[SourceVersionDate "1994.06.01"]
[SourceQuality "1"]

1. d4 {Kharitonov Ernst} Nf6 2. c4 c6 3. Nc3 d5 4. Nf3 e6 5. Bg5 dxc4 6. e4 b5
7. e5 h6 8. Bh4 g5 9. Nxg5 hxg5 10. Bxg5 Nbd7 11. exf6 Bb7 12. g3 c5 13. d5
Nxf6 14. Bg2 (14. Bxc4 bxc4 15. Bxf6 Qxf6 16. Qa4+ Kd8 17. O-O-O e5 $8 18. f4
$6 exf4 $8 19. d6 Bxh1 $1 20. Qa5+ Kd7 21. Qc7+ Ke6 22. d7 {Shabalov,A-Mueller,
Ka/Pula op/1989/} Qe5 $1 23. d8=Q Rxd8 24. Qxd8 Bf3 25. Rd7 Kf5 26. Rxf7+ Kg6
27. Rxf8 Qe1+ $19) (14. dxe6 $5 Bg7 $1 (14... Be7 15. Rg1 Qb6 16. exf7+ Kxf7
17. h4 Rad8 18. Qc2 Qe6+ 19. Qe2 Ne4 20. Bxe7 Qxe7 21. Bg2 Rd2 22. Qe3 Rd3 23.
Qf4+ Nf6+ 24. Kf1 {Georgiev,Ki-Dreev,A/Biel izt (01)/1993/}) 15. Rg1 Qb6 16.
Qe2 $1 Qxe6 $8 17. Nxb5 Qxe2+ 18. Bxe2 Ne4 $1 19. O-O-O Nxg5 20. Nd6+ Kf8 21.
Nxb7 Rxh2 $15 {Lobron,E-Kramnik,V/Dortmund/1993/0.5 (41)}) 14... Bh6 (14... Be7
15. O-O Nxd5 16. Bxe7 Kxe7 17. Nxb5 Qb6 18. Na3 c3 (18... Rh4 $5 19. Qd2 Rd4 (
19... Rg8 $8 20. f4 Nxf4 21. Rxf4 Rxf4 22. Qxf4 Qxb2 23. Qc7+ Kf8 24. Qxc5+ Kg7
25. Qg5+ $10) 20. Qg5+ Nf6 21. Bxb7 Rg8 22. Qe5 Nd7 23. Qe2 Qxb7 24. Nxc4 {
Van Wely,L-Kramnik,V/Biel izt (01)/1993/1-0 (44)}) 19. Rb1 (19. Nc4 {Kharitonov
} Qc7 20. bxc3 Nxc3 21. Qd2 Bxg2 22. Kxg2 Ne4 23. Qe3 Nf6 24. Qf3 $14 {Van
Wely,L-Dreev,A/Bern/1993/1:0 (44) Inf 58/466/}) 19... cxb2 20. Nc4 Qc7 21. Rxb2
Nb6 22. Bxb7 Nxc4 23. Bxa8 Nxb2 24. Qf3 $10 {Razuvaev,Y-Serper,G/Tilburg (01)/
1993/0.5 (31)}) 15. Bxf6 (15. Bxh6 Rxh6 16. Nxb5 (16. O-O {Kharitonov} b4 17.
Na4 Bxd5 18. Nxc5 Qb6 $13) 16... Qa5+ 17. Nc3 exd5 $13) 15... Qxf6 16. O-O
O-O-O (16... b4 17. Ne4 Qe7 18. dxe6 Rd8 19. exf7+ Kxf7 20. Qh5+ Kg7 21. Qg4+
Kh7 22. Qf5+ (22. Rae1 $5 $40) 22... Kg7 23. Qxc5 $16) (16... exd5 {Ernst} 17.
Re1+ (17. Nxd5 $16 {Kharitonov}) 17... Kf8 18. Nxd5 Qd6 19. Nc3 $16) 17. Nxb5 (
17. Ne4 Qe5) 17... exd5 (17... a6 $5 18. Nc3 exd5 $13) (17... Bxd5 $2 {Ernst}
18. Qa4 $18) (17... Rxd5 $1 {Ernst} 18. Nxa7+ Kb8 19. Qa4 $40) 18. Nxa7+ Kb8
19. Nb5 Bg7 (19... Qxb2 20. Qa4 $40) (19... d4 {Ernst} 20. Qa4 $1 $16) (19...
Bf4 $5 {Ernst}) 20. a4 Qh6 (20... Qxb2 21. Rb1 Qf6 22. Qe1 (22. Na3 Qd4 23.
Qxd4 Bxd4 24. Nxc4 Kc7 $14) (22. Na3 $16 {Kharitonov}) 22... Rh6 23. Qe3 Bf8
24. Na3 $40) 21. h4 Bf6 (21... Bxb2 22. Rb1 (22. Ra2 {Ernst} c3 23. Qb3 Qd2 24.
Nxc3 $1 Qxc3 25. Rxb2 Qxb3 26. Rxb3 Ka7 27. Rb5 $16) 22... Qf6 (22... c3 23.
Qf3 $1 (23. Qb3 {Kharitonov} Qb6 (23... c4 24. Qb4 c2 (24... Qb6 25. a5) (24...
Qf6 25. Nxc3 Qxc3 26. Qb5) 25. Qxb2 cxb1=Q 26. Rxb1 $14) 24. a5 Qxa5 25. Nxc3
Qxc3 26. Qb5 $1 {/\Rb2+/-/}) (23. Qc2 Qf6 24. Rxb2 cxb2 25. Qxc5 Qc6 26. Qb4
Qc1 27. Nc3 $13)) (22... Bf6 23. Na3) 23. Qc2 c3 $13) 22. Qe1 (22. Re1 $5 {
Kharitonov}) 22... Bxh4 (22... Bxb2 23. Qa5 Bxa1 $2 24. Qa7+ Kc8 25. Bh3+ $18)
(22... c3 {Kharitonov} 23. bxc3 Bxh4 24. Qe5+ Ka8 25. Rfb1 $16) 23. Qa5 $1 (23.
gxh4 $6 Qxh4 24. Qe5+ Ka8 25. Qc7 (25. Qg3 Qh6 {/\ Rdg8}) (25. Rfe1 {Ernst}
Rdg8 26. Kf1 Rxg2 $1 27. Qe8+ Rxe8 28. Rxe8+ Bc8 29. Rxc8+ Kb7 30. Rc7+ Kb8 31.
Kxg2 Qg4+ 32. Kf1 Qh3+ 33. Ke2 Qd3+ $10) 25... Rh6 26. Rfe1 Rg8 27. Qa5+ Kb8
28. Qa7+ Kc8 29. Qxc5+ Bc6 30. Na7+ Kd7 31. Kf1 Rxg2 32. Re7+ Qxe7 33. Qxe7+
Kxe7 34. Nxc6+ Rxc6 35. Kxg2 $10) (23. Qe5+ $2 Ka8 24. Nc7+ Ka7 25. Nxd5 $2
Rxd5 $1 26. Bxd5 Bf6 $1 $19) 23... Be7 (23... Bxg3 24. Qa7+ Kc8 25. Qxc5+ Kb8
26. fxg3 $18) (23... Bf6 {Ernst} 24. Qa7+ Kc8 25. Qxc5+ $18) 24. Qc7+ Ka8 25.
Qa5+ Kb8 26. Qc7+ Ka8 27. Rfe1 Bd6 $8 (27... Bf6 28. Qxc5 Kb8 29. Qc7+ Ka8 30.
Nd6 Rxd6 31. Qxd6 Qh2+ 32. Kf1 Bxb2 33. a5 Bxa1 34. a6 $18) (27... Qh2+ {
Kharitonov} 28. Kf1 $18) 28. Qb6 (28. Qa5+ {Ernst} Kb8 29. Qa7+ Kc8 30. a5 Bc6
31. a6 Rd7 32. Qb6 Bxb5 33. a7 Qh2+ 34. Kf1 c3+ 35. Qxb5 $18) 28... Bb8 (28...
Kb8 29. a5 $18 (29. Bxd5 $4 {Kharitonov} Qh1+ 30. Bxh1 Rxh1#)) 29. a5 $1 Rd7 (
29... Qc6 30. Re7 Rhe8 (30... Rd7 31. Qxc6 Bxc6 32. Rxd7 Bxd7 33. Bxd5+) 31. a6
$3 Qxb6 32. axb7#) 30. Re8 $1 Qh2+ (30... Rxe8 31. Qxh6) 31. Kf1 Qxg2+ (31...
Rxe8 32. a6 $18) (31... Qh1+ 32. Bxh1 Rxh1+ 33. Kg2 d4+ 34. f3 $18) 32. Kxg2
d4+ 33. Qxb7+ $1 (33. Kf1 Rxe8 $16) (33. f3 Rxe8 34. a6 Re2+ 35. Kf1 Bxf3 36.
a7 Bxg3 37. Qxc5 Rf2+ $10) 33... Rxb7 34. Rxh8 Rxb5 35. a6 Ka7 36. Rf8 Rxb2 (
36... Bd6 37. Rxf7+ Ka8 38. a7 Rxb2 39. Rd7 $18) 37. Rxf7+ Ka8 38. a7 c3 (38...
Bxa7 39. Raxa7+ Kb8 40. Rae7 Ka8 41. Rf8+ Rb8 42. Rxb8+ Kxb8 43. Kf3 c3 44. Ke2
c4 45. Rd7 $18) 39. Rf8 1-0